Fundamentals Taxation 2011 (Record no. 3352)

MARC details
000 -LEADER
fixed length control field 00516nam a22002057a 4500
003 - CONTROL NUMBER IDENTIFIER
control field OSt
005 - DATE AND TIME OF LATEST TRANSACTION
control field 20160630175814.0
008 - FIXED-LENGTH DATA ELEMENTS--GENERAL INFORMATION
fixed length control field 160330b xxu||||| |||| 00| 0 eng d
020 ## - INTERNATIONAL STANDARD BOOK NUMBER
International Standard Book Number 9780078110993
020 ## - INTERNATIONAL STANDARD BOOK NUMBER
International Standard Book Number 0078110998
040 ## - CATALOGING SOURCE
Transcribing agency DDC.
082 ## - DEWEY DECIMAL CLASSIFICATION NUMBER
Classification number 336.2FUN 2011.
100 ## - MAIN ENTRY--PERSONAL NAME
Personal name Cruz,Deschamps;
9 (RLIN) 7499
245 ## - TITLE STATEMENT
Title Fundamentals Taxation 2011
260 ## - PUBLICATION, DISTRIBUTION, ETC. (IMPRINT)
Place of publication, distribution, etc. India.
Name of publisher, distributor, etc. McGraw-Hill.
Date of publication, distribution, etc. 2011.
300 ## - PHYSICAL DESCRIPTION
Extent xxii, 1040p;
Other physical details ill;
Dimensions 30cm
504 ## - BIBLIOGRAPHY, ETC. NOTE
Bibliography, etc Index included
650 ## - SUBJECT ADDED ENTRY--TOPICAL TERM
Topical term or geographic name as entry element Taxation.
9 (RLIN) 1362
942 ## - ADDED ENTRY ELEMENTS (KOHA)
Source of classification or shelving scheme Dewey Decimal Classification
Koha item type Short Loan
Holdings
Withdrawn status Lost status Source of classification or shelving scheme Damaged status Not for loan Home library Current library Date acquired Source of acquisition Inventory number Total Checkouts Full call number Barcode Date last seen Koha item type Checked out Date last checked out
    Dewey Decimal Classification     MUST Main Library MUST Main Library 30/03/2016   12/36509   336.2FUN 2011. 2016-0558 30/03/2016 Short Loan    
    Dewey Decimal Classification     MUST Main Library MUST Main Library 30/06/2016   14/38330 1 336.2FUN 2011. 2016-2923 24/10/2023 Open Shelf 07/11/2023 24/10/2023